Statistics for Colors of The Rainbow In 15 Seconds!

Click here to take the quiz!

General Stats

  • This quiz has been taken 1,108 times
    (1,107 since last reset)
  • The average score is 6 of 7

Answer Stats

HintAnswer% Correct
RRed
99%
YYellow
94%
OOrange
93%
BBlue
92%
GGreen
92%
VViolet
75%
IIndigo
74%

Score Distribution

Percentile by Number Answered

Percent of People with Each Score

Your Score History

You have not taken this quiz since the last reset